[Event "2015 Alberta Seniors"]
[Site "Edmonton"]
[Date "2015.04.25"]
[Round "3.2"]
[White "Willis, Bradley"]
[Black "Relling, Leonard"]
[Result "0-1"]
[WhiteElo "2002"]
[BlackElo "1309"]
[PlyCount "88"]
[EventDate "2015.04.25"]
[EventType "swiss"]
[EventRounds "5"]
[EventCountry "CAN"]

1. e4 g6 2. d4 Bg7 3. Nc3 d6 4. f4 a6 5. Nf3 Nd7 6. a4 c6 7. Be3 Ngf6 8. Bd3 h6
9. O-O Qc7 10. Qe1 Nf8 11. h3 Bd7 12. g4 h5 13. g5 N6h7 14. f5 gxf5 15. exf5
O-O-O 16. h4 Rg8 17. Kh1 d5 18. Qf2 Bh8 19. Ne5 Be8 20. Bf4 Rd6 21. Nf3 Kb8 22.
Qg3 Nd7 23. Qh2 f6 24. Bxd6 exd6 25. g6 Nhf8 26. Rfe1 Ne5 27. dxe5 fxe5 28. Ng5
e4 29. Bf1 Be5 30. Qf2 Bf6 31. a5 Rg7 32. Ne2 c5 33. c3 Re7 34. Nf4 Bc6 35.
Nfe6 Nxe6 36. Nxe6 Qc8 37. Bg2 Rxe6 38. fxe6 Qxe6 39. Qf4 Be5 40. Qg5 Bf6 41.
Qxh5 e3 42. Rad1 c4 43. Rxd5 Be5 44. Rxe5 Qh3+ 0-1

[Event "2015 Alberta Seniors"]
[Site "Edmonton"]
[Date "2015.04.26"]
[Round "4.1"]
[White "Purewal, Sardul"]
[Black "McKay, Arnold"]
[Result "1/2-1/2"]
[WhiteElo "1964"]
[BlackElo "1850"]
[PlyCount "100"]
[EventDate "2015.04.25"]
[EventType "swiss"]
[EventRounds "5"]
[EventCountry "CAN"]

1. Nf3 Nf6 2. c4 e6 3. Nc3 Bb4 4. Qc2 O-O 5. a3 Bxc3 6. Qxc3 d5 7. d3 h6 8. b3
Nbd7 9. Bb2 c5 10. e3 b6 11. Be2 Re8 12. Ne5 Bb7 13. Bf3 Nxe5 14. Qxe5 Rc8 15.
O-O Re7 16. Qg3 d4 17. Bxb7 Rxb7 18. exd4 cxd4 19. Qe5 Rd7 20. b4 Ne8 21. Rfe1
Qf6 22. Qg3 Nd6 23. Qe5 Qxe5 24. Rxe5 Nb7 25. Rae1 Rcd8 26. g4 a5 27. Rb5 axb4
28. axb4 Rd6 29. Re4 f6 30. c5 e5 31. f4 Re6 32. fxe5 fxe5 33. cxb6 Rde8 34.
Rd5 Rxb6 35. Bxd4 Rxb4 36. Rexe5 Rxe5 37. Bxe5 Rxg4+ 38. Kf2 Rg5 39. d4 Rf5+
40. Ke3 Rf7 41. Ke4 Kh7 42. Rb5 g5 43. Rb6 h5 44. Rc6 Nd8 45. Rc7 Rxc7 46. Bxc7
Ne6 47. Bb8 Kg6 48. Ke5 Nxd4 49. Kxd4 Kf5 50. h3 h4 1/2-1/2

[Event "2015 Alberta Seniors"]
[Site "Edmonton"]
[Date "2015.04.26"]
[Round "4.2"]
[White "Aspler, Gerald"]
[Black "Willis, Bradley"]
[Result "1-0"]
[WhiteElo "1799"]
[BlackElo "2002"]
[PlyCount "61"]
[EventDate "2015.04.25"]
[EventType "swiss"]
[EventRounds "5"]
[EventCountry "CAN"]

1. d4 f5 2. Bf4 Nf6 3. e3 e6 4. Bd3 b6 5. Nf3 Bb7 6. Nbd2 Be7 7. Qe2 Ne4 8. h4
Nxd2 9. Nxd2 O-O 10. Nf3 Bd6 11. O-O-O Qe8 12. h5 Be4 13. Bxe4 fxe4 14. Ne5 Nc6
15. f3 Bxe5 16. dxe5 exf3 17. gxf3 Rf5 18. h6 g6 19. Qd3 Rd8 20. Rhg1 Qe7 21.
Qe4 Qb4 22. Qxb4 Nxb4 23. Bg5 Rdf8 24. Rxd7 R8f7 25. Rd8+ Rf8 26. Rxf8+ Kxf8
27. f4 Rf7 28. Rd1 Nc6 29. b4 Kg8 30. b5 Na5 31. Rd8+ 1-0

[Event "2015 Alberta Seniors"]
[Site "Edmonton"]
[Date "2015.04.26"]
[Round "4.3"]
[White "Relling, Leonard"]
[Black "Seehagen, Terry"]
[Result "0-1"]
[WhiteElo "1309"]
[BlackElo "1726"]
[PlyCount "52"]
[EventDate "2015.04.25"]
[EventType "swiss"]
[EventRounds "5"]
[EventCountry "CAN"]

1. e4 d5 2. exd5 Nf6 3. Nc3 Nxd5 4. Bb5+ c6 5. Bc4 e5 6. Ne4 Bf5 7. Ng3 Bg6 8.
d4 e4 9. f4 Qh4 10. N1e2 Bd6 11. O-O f5 12. Nc3 Nxf4 13. Bxf4 Bxf4 14. Nce2
Be3+ 15. Kh1 f4 16. Nxf4 Bxf4 17. Qe1 Nd7 18. d5 Ne5 19. Bb3 Ng4 20. h3 Bxg3
21. Qe2 Nf6 22. dxc6 O-O-O 23. Be6+ Kc7 24. cxb7 Kb8 25. Rad1 Bc7 26. Qb5 Qg3
0-1

[Event "2015 Alberta Seniors"]
[Site "Edmonton"]
[Date "2015.04.26"]
[Round "4.4"]
[White "Blyznyuk, Volodymyr"]
[Black "Charland, Pierre"]
[Result "1-0"]
[WhiteElo "1440"]
[BlackElo "1494"]
[PlyCount "67"]
[EventDate "2015.04.25"]
[EventType "swiss"]
[EventRounds "5"]
[EventCountry "CAN"]

1. d4 d5 2. c4 e6 3. Nc3 Bb4 4. e3 a6 5. a3 Bxc3+ 6. bxc3 Nf6 7. Nf3 O-O 8. Bd3
dxc4 9. Bxc4 b5 10. Be2 Bb7 11. O-O Nbd7 12. Bb2 c5 13. c4 bxc4 14. Bxc4 Rb8
15. Rb1 Nb6 16. Ne5 Nxc4 17. Nxc4 Qd5 18. f3 Qxc4 19. Rc1 Qb5 20. Rc2 Rfd8 21.
Qe1 Rbc8 22. Qg3 g6 23. dxc5 Nd5 24. Qe5 Kf8 25. Bd4 Qb3 26. Rb2 Qxa3 27. Qh8+
Ke7 28. Rxb7+ Rc7 29. Rxc7+ Nxc7 30. Bf6+ Kd7 31. Qxd8+ Kc6 32. Qd6+ Kb7 33.
c6+ Kb6 34. Qxa3 1-0

[Event "2015 Alberta Seniors"]
[Site "Edmonton"]
[Date "2015.04.26"]
[Round "5.1"]
[White "Seehagen, Terry"]
[Black "Purewal, Sardul"]
[Result "1/2-1/2"]
[WhiteElo "1726"]
[BlackElo "1964"]
[PlyCount "58"]
[EventDate "2015.04.25"]
[EventType "swiss"]
[EventRounds "5"]
[EventCountry "CAN"]

1. e4 d5 2. exd5 Qxd5 3. Nc3 Qd6 4. Nf3 Bg4 5. d4 c6 6. Bc4 e6 7. Be3 Nf6 8.
Qe2 Nbd7 9. h3 Bh5 10. O-O-O Be7 11. Kb1 O-O 12. g3 Qb4 13. Bd3 Nd5 14. Nxd5
cxd5 15. g4 Bg6 16. h4 Bxd3 17. Rxd3 Qd6 18. g5 Rfc8 19. h5 f6 20. Rg1 Kh8 21.
g6 Rg8 22. gxh7 Kxh7 23. Nh4 g5 24. hxg6+ Kg7 25. Bd2 Rh8 26. Rh3 f5 27. Bg5
Rad8 28. f4 Nf6 29. Rgh1 Ng4 1/2-1/2

[Event "2015 Alberta Seniors"]
[Site "Edmonton"]
[Date "2015.04.26"]
[Round "5.3"]
[White "Blyznyuk, Volodymyr"]
[Black "Relling, Leonard"]
[Result "1-0"]
[WhiteElo "1440"]
[BlackElo "1309"]
[PlyCount "55"]
[EventDate "2015.04.25"]
[EventType "swiss"]
[EventRounds "5"]
[EventCountry "CAN"]

1. d4 g6 2. c4 d6 3. g3 Bg7 4. e3 a6 5. Bg2 Nd7 6. Ne2 e5 7. O-O Ngf6 8. Nbc3
Ng4 9. b3 c6 10. Bb2 f5 11. h3 Ngf6 12. dxe5 Nxe5 13. Ba3 Nf7 14. Qc2 O-O 15.
Rad1 c5 16. Nd5 Nd7 17. Bb2 Nde5 18. f4 Nc6 19. Bxg7 Kxg7 20. Qb2+ Kh6 21. Nec3
Qe8 22. Rfe1 Qd7 23. Nb6 Qd8 24. Nxa8 Be6 25. Nd5 Bxd5 26. Bxd5 Qxa8 27. Bxf7
Rxf7 28. Rxd6 1-0

[Event "2015 Alberta Seniors"]
[Site "Edmonton"]
[Date "2015.04.26"]
[Round "5.4"]
[White "Charland, Pierre"]
[Black "Willis, Bradley"]
[Result "0-1"]
[WhiteElo "1494"]
[BlackElo "2002"]
[PlyCount "90"]
[EventDate "2015.04.25"]
[EventType "swiss"]
[EventRounds "5"]
[EventCountry "CAN"]

1. e4 e5 2. f4 d5 3. Nc3 d4 4. Nd5 c6 5. Bc4 cxd5 6. exd5 exf4 7. Nf3 Bd6 8.
O-O Ne7 9. Nxd4 O-O 10. d3 Ng6 11. Ne2 Bg4 12. h3 Bh5 13. g4 fxg3 14. Rf5 Bxe2
15. Qxe2 Qe7 16. Qg4 Ne5 17. Qxg3 Nxc4 18. Bf4 Bxf4 19. Rxf4 Qe3+ 20. Qxe3 Nxe3
21. c4 Nd7 22. Re1 Rfe8 23. Kf2 Nc2 24. Rc1 Nb4 25. Rf3 Ne5 26. Re1 Nexd3+ 27.
Kg3 Nxe1 28. Rb3 Nec2 29. a3 Re3+ 30. Rxe3 Nxe3 31. axb4 Nxc4 32. Kf4 Re8 33.
b5 b6 34. b3 Nd6 35. h4 Nxb5 36. b4 a5 37. bxa5 bxa5 38. d6 Nxd6 39. h5 a4 40.
h6 a3 41. hxg7 a2 42. Kg5 a1=Q 43. Kf4 Re4+ 44. Kf3 Qa3+ 45. Kf2 Rb4 0-1

[Event "2015 Alberta Women's Championship"]
[Site "Edmonton"]
[Date "2015.04.25"]
[Round "1"]
[White "Mo, Michelle"]
[Black "Matras-Clement, Agnieszka"]
[Result "0-1"]
[WhiteElo "1399"]
[BlackElo "2279"]
[PlyCount "128"]
[EventDate "2015.04.25"]
[EventType "match"]
[EventRounds "2"]
[EventCountry "CAN"]

1. e4 e5 2. Nf3 Nc6 3. Bb5 a6 4. Ba4 Nf6 5. d3 b5 6. Bb3 Be7 7. Bd5 Nxd5 8.
exd5 Nd4 9. Nxe5 Bd6 10. Nf3 Qe7+ 11. Be3 Nf5 12. Qe2 Bb7 13. c4 O-O 14. O-O
Rfe8 15. Re1 Bc5 16. d4 Bb4 17. Nc3 Bxc3 18. bxc3 bxc4 19. Qxc4 Qd6 20. Qd3
Nxe3 21. Rxe3 Qxd5 22. Rae1 Rxe3 23. Qxe3 h6 24. Qd2 Qf5 25. Qd1 Bd5 26. h3 Rb8
27. Kh2 Rb2 28. Kg1 Rxa2 29. Re5 Bxf3 30. Qxf3 Qxf3 31. gxf3 Kf8 32. Kg2 d6 33.
Re3 a5 34. Re1 a4 35. Rb1 a3 36. Rb3 Ke7 37. Kf1 Ke6 38. c4 Rc2 39. Rxa3 Rxc4
40. Ke2 Rxd4 41. Rc3 c5 42. Ke3 Rh4 43. Rc2 Rxh3 44. Kf4 Rh4+ 45. Ke3 g5 46.
Ke2 Rh1 47. Ke3 h5 48. f4 Rh3+ 49. Ke2 gxf4 50. Kf1 Kd5 51. Rd2+ Ke5 52. Rc2
Kd4 53. Kg2 Rd3 54. Kf1 c4 55. Ke2 c3 56. Ke1 h4 57. Kf1 Rd2 58. Rxd2+ cxd2 59.
Ke2 Kc3 60. Kd1 h3 61. f3 h2 62. Ke2 h1=Q 63. Kf2 Qh2+ 64. Kf1 d1=Q# 0-1

[Event "2015 Alberta Women's Championship"]
[Site "Edmonton"]
[Date "2015.04.25"]
[Round "2"]
[White "Matras-Clement, Agnieszka"]
[Black "Mo, Michelle"]
[Result "1-0"]
[WhiteElo "2279"]
[BlackElo "1399"]
[PlyCount "65"]
[EventDate "2015.04.25"]
[EventType "match"]
[EventRounds "2"]
[EventCountry "CAN"]

1. e4 c5 2. Nc3 d6 3. f4 Nc6 4. Nf3 e6 5. Bc4 Nf6 6. O-O Be7 7. d3 a6 8. a4 Bd7
9. e5 Ng4 10. exd6 Bxd6 11. Ne4 Qc7 12. Nxd6+ Qxd6 13. Qe1 O-O 14. Bd2 Nd4 15.
Nxd4 Qxd4+ 16. Kh1 Qxb2 17. Bc3 Qb6 18. Qg3 e5 19. fxe5 Qg6 20. Bd5 Rab8 21.
Bxf7+ Rxf7 22. Rxf7 Qxf7 23. e6 Qf8 24. exd7 Nh6 25. Re1 g6 26. Qxb8 Qxb8 27.
Re8+ Kf7 28. Rxb8 Nf5 29. d8=Q Ke6 30. Qf6+ Kd7 31. Rxb7+ Kc8 32. Qc6+ Kd8 33.
Qd7# 1-0

[Event "10th Edmonton International Qualifier"]
[Site "Edmonton"]
[Date "2015.05.02"]
[Round "1.1"]
[White "Young, Joseph"]
[Black "Ng, Gary"]
[Result "1-0"]
[WhiteElo "1867"]
[BlackElo "2319"]
[PlyCount "55"]
[EventDate "2015.05.02"]
[EventType "swiss"]
[EventRounds "5"]
[EventCountry "CAN"]

1. e4 b6 2. d4 Bb7 3. Nc3 e6 4. Bd3 d5 5. exd5 exd5 6. Nf3 Nf6 7. Bg5 Be7 8.
O-O Nbd7 9. Nh4 O-O 10. Nf5 Bb4 11. Qf3 Re8 12. Rfe1 Re6 13. Qh3 Bxc3 14. bxc3
Qe8 15. Rf1 Ne4 16. Bf4 Nf8 17. Bxe4 Rxe4 18. Bxc7 Bc8 19. Nd6 Bxh3 20. Nxe8
Raxe8 21. gxh3 Re2 22. Rac1 Rc8 23. Bd6 Ne6 24. Rfe1 Rd2 25. Re3 Rc6 26. Bf4
Nf8 27. Re8 Rg6+ 28. Kf1 1-0

[Event "10th Edmonton International Qualifier"]
[Site "Edmonton"]
[Date "2015.05.02"]
[Round "1.2"]
[White "Haynes, Nicolas"]
[Black "Taranik, Alexey"]
[Result "1-0"]
[WhiteElo "2277"]
[BlackElo "1855"]
[PlyCount "73"]
[EventDate "2015.05.02"]
[EventType "swiss"]
[EventRounds "5"]
[EventCountry "CAN"]

1. d4 e6 2. c4 d5 3. Nf3 Nf6 4. g3 Be7 5. Bg2 O-O 6. O-O Nbd7 7. Qc2 c6 8. Nbd2
b6 9. e4 dxe4 10. Nxe4 Nxe4 11. Qxe4 Bb7 12. Bf4 Nf6 13. Qe2 Bd6 14. Ne5 Rc8
15. Rfd1 Qe7 16. Bg5 h6 17. Bxf6 gxf6 18. Ng4 f5 19. Nxh6+ Kg7 20. c5 Kxh6 21.
cxd6 Qxd6 22. Rd3 Rg8 23. Qd2+ Kg7 24. Qg5+ Kf8 25. Qh6+ Ke7 26. Re1 Kd7 27.
Qh5 Rcf8 28. Rc1 Rh8 29. Qd1 Rh7 30. Qa4 a5 31. d5 Ke7 32. Qc2 cxd5 33. Qc7+
Qd7 34. Rdc3 Rc8 35. Qxb6 Rhh8 36. Rc7 Rxc7 37. Rxc7 1-0

[Event "10th Edmonton International Qualifier"]
[Site "Edmonton"]
[Date "2015.05.02"]
[Round "1.3"]
[White "Superceanu, Bogdan"]
[Black "Gardner, Robert"]
[Result "0-1"]
[WhiteElo "1785"]
[BlackElo "2239"]
[PlyCount "71"]
[EventDate "2015.05.02"]
[EventType "swiss"]
[EventRounds "5"]
[EventCountry "CAN"]

1. e4 d6 2. d4 Nf6 3. Nc3 g6 4. Bc4 Bg7 5. Nge2 O-O 6. O-O Nxe4 7. Nxe4 d5 8.
Bd3 dxe4 9. Bxe4 Na6 10. c3 c5 11. Be3 cxd4 12. Bxd4 e5 13. Be3 Qe7 14. Qb3 Kh8
15. g3 f5 16. Bg2 g5 17. f3 Be6 18. Qb5 Rac8 19. b3 Nc5 20. Rad1 b6 21. Rfe1
Rfd8 22. Qb4 h6 23. Kf1 Qc7 24. Bxc5 bxc5 25. Qa4 Qb6 26. Nc1 c4 27. b4 e4 28.
Qc2 exf3 29. Bxf3 f4 30. Kg2 g4 31. Be4 f3+ 32. Kf1 Rxd1 33. Rxd1 Qe3 34. a3
Bxc3 35. Nd3 cxd3 36. Rxd3 0-1

[Event "10th Edmonton International Qualifier"]
[Site "Edmonton"]
[Date "2015.05.02"]
[Round "1.4"]
[White "Rekhson, Vladislav"]
[Black "Seehagen, Terry"]
[Result "1-0"]
[WhiteElo "2215"]
[BlackElo "1738"]
[PlyCount "59"]
[EventDate "2015.05.02"]
[EventType "swiss"]
[EventRounds "5"]
[EventCountry "CAN"]

1. c4 e5 2. g3 Nc6 3. Bg2 f5 4. d3 Nf6 5. Nc3 Bb4 6. Bd2 O-O 7. a3 Bxc3 8. Bxc3
d5 9. cxd5 Nxd5 10. Qb3 Be6 11. Qxb7 Qd6 12. Nf3 f4 13. Ng5 fxg3 14. hxg3 Rab8
15. Qa6 Rb6 16. Qa4 Nxc3 17. bxc3 Bd5 18. Qh4 h6 19. Ne4 Bxe4 20. Qxe4 Ne7 21.
O-O Rfb8 22. d4 exd4 23. Rfd1 Qf6 24. Rxd4 Nf5 25. Rd3 Nd6 26. Qd5+ Kh8 27. Qc5
Rb2 28. Qxc7 Nf5 29. Rad1 Rxe2 30. Qxb8+ 1-0

[Event "10th Edmonton International Qualifier"]
[Site "Edmonton"]
[Date "2015.05.02"]
[Round "1.5"]
[White "Hughey, Leah"]
[Black "Nguyen, Kim"]
[Result "0-1"]
[WhiteElo "1700"]
[BlackElo "2212"]
[PlyCount "64"]
[EventDate "2015.05.02"]
[EventType "swiss"]
[EventRounds "5"]
[EventCountry "CAN"]

1. c4 Nf6 2. g3 e6 3. Bg2 d5 4. b3 c5 5. Bb2 Nc6 6. Nf3 Bd6 7. O-O O-O 8. Qc2
Qe7 9. d4 b6 10. Ne5 Nxd4 11. Bxd4 cxd4 12. Nc6 Qd7 13. cxd5 Nxd5 14. Nxd4 Bb7
15. Nf3 Qe7 16. Nbd2 Rac8 17. Qb2 Ba6 18. Nd4 Ba3 19. Qb1 Nc3 20. Qe1 Bb2 21.
N2f3 Bxa1 22. Qxa1 Qf6 23. Kh1 Nxe2 24. Re1 Nxd4 25. Nxd4 Rfd8 26. Re4 Bb7 27.
Rf4 Bxg2+ 28. Kxg2 Qe5 29. Qd1 Qd5+ 30. Kh3 e5 31. Rf5 Qxd4 32. Qh5 Qd7 0-1

[Event "10th Edmonton International Qualifier"]
[Site "Edmonton"]
[Date "2015.05.02"]
[Round "1.6"]
[White "Hughey, Micah"]
[Black "Koperski, Dustin"]
[Result "1-0"]
[WhiteElo "2205"]
[BlackElo "1637"]
[PlyCount "45"]
[EventDate "2015.05.02"]
[EventType "swiss"]
[EventRounds "5"]
[EventCountry "CAN"]

1. e4 c5 2. Nf3 d6 3. c3 Nf6 4. h3 Nbd7 5. Bd3 b6 6. O-O Bb7 7. Re1 Qc7 8. Bc2
Rc8 9. Na3 e5 10. d4 cxd4 11. cxd4 d5 12. dxe5 Nxe5 13. Nxe5 Bxa3 14. Ba4+ Kf8
15. Bf4 Bd6 16. Rc1 Qe7 17. Rxc8+ Bxc8 18. Nc6 Qc7 19. e5 Bc5 20. b4 Bxf2+ 21.
Kxf2 Ne4+ 22. Kg1 b5 23. Qxd5 1-0

[Event "10th Edmonton International Qualifier"]
[Site "Edmonton"]
[Date "2015.05.02"]
[Round "1.7"]
[White "Kadavil, Suresh"]
[Black "Miller, David"]
[Result "0-1"]
[WhiteElo "1623"]
[BlackElo "2204"]
[PlyCount "64"]
[EventDate "2015.05.02"]
[EventType "swiss"]
[EventRounds "5"]
[EventCountry "CAN"]

1. b3 d5 2. Bb2 c5 3. e3 Nf6 4. Nf3 e6 5. c4 Nc6 6. cxd5 exd5 7. Bb5 Bd7 8. O-O
Bd6 9. Na3 Qe7 10. Nc2 Rc8 11. Rc1 O-O 12. d4 a6 13. Bd3 Bg4 14. h3 Bh5 15. Re1
Ne4 16. dxc5 Bxc5 17. Ncd4 Bg6 18. Bb1 Ba7 19. Nxc6 bxc6 20. Nd4 Qd6 21. Qg4 f5
22. Qe2 Bb8 23. f4 c5 24. Nf3 Bh5 25. g4 fxg4 26. hxg4 Bxg4 27. Qg2 Qg6 28. Be5
Bxf3 29. Qxg6 hxg6 30. Kh2 Bxe5 31. fxe5 Rf5 32. Rg1 Rh5# 0-1

[Event "10th Edmonton International Qualifier"]
[Site "Edmonton"]
[Date "2015.05.02"]
[Round "1.8"]
[White "Smith, Mark"]
[Black "Yao, David"]
[Result "1-0"]
[WhiteElo "2166"]
[BlackElo "1591"]
[PlyCount "85"]
[EventDate "2015.05.02"]
[EventType "swiss"]
[EventRounds "5"]
[EventCountry "CAN"]

1. e4 e6 2. d3 d5 3. Nd2 c5 4. Ngf3 Nf6 5. g3 dxe4 6. dxe4 b6 7. c3 Bb7 8. Qc2
Nbd7 9. Bh3 Bd6 10. O-O O-O 11. Re1 Ne5 12. Nxe5 Bxe5 13. Nc4 Bc7 14. Bg5 e5
15. Rad1 Qe7 16. Bg2 Rad8 17. Ne3 h6 18. Nf5 Qe6 19. Bxf6 Qxf6 20. Ne3 Rxd1 21.
Rxd1 Rd8 22. Nd5 Bxd5 23. Rxd5 Rxd5 24. exd5 b5 25. b3 Qe7 26. Qf5 a5 27. Qc8+
Qd8 28. Qa6 b4 29. Qc4 Qd6 30. cxb4 axb4 31. Qb5 Qe7 32. Qc4 Qd6 33. Bf1 Qe7
34. Bd3 Bd6 35. Qg4 Qd8 36. h4 Qa8 37. Qe2 Qb8 38. h5 e4 39. Bxe4 Bxg3 40. Qg4
Be5 41. Kg2 Qd6 42. Qc8+ Qf8 43. Bh7+ 1-0

[Event "10th Edmonton International Qualifier"]
[Site "Edmonton"]
[Date "2015.05.02"]
[Round "1.9"]
[White "Morrick, James"]
[Black "Cheng, Louis"]
[Result "0-1"]
[WhiteElo "1515"]
[BlackElo "2146"]
[PlyCount "56"]
[EventDate "2015.05.02"]
[EventType "swiss"]
[EventRounds "5"]
[EventCountry "CAN"]

1. e4 c5 2. c3 e6 3. Nf3 d5 4. e5 Nc6 5. d4 cxd4 6. cxd4 f6 7. Nc3 Bb4 8. Bb5
Bd7 9. Bxc6 bxc6 10. O-O c5 11. a3 cxd4 12. Qxd4 Ba5 13. Re1 fxe5 14. Nxe5 Nf6
15. Bg5 O-O 16. Ng4 Bb6 17. Qd2 d4 18. Ne2 Bc6 19. Nf4 Ne4 20. Bxd8 Nxd2 21.
Nxe6 Rfxd8 22. Nxd8 Rxd8 23. Ne5 Ba4 24. Rac1 d3 25. Rc3 Ne4 26. Rxd3 Bxf2+ 27.
Kf1 Rxd3 28. Rxe4 Rd4 0-1

[Event "10th Edmonton International Qualifier"]
[Site "Edmonton"]
[Date "2015.05.02"]
[Round "1.10"]
[White "Thiel, Rodney"]
[Black "Macdonald, Dean"]
[Result "1-0"]
[WhiteElo "2009"]
[BlackElo "1428"]
[PlyCount "65"]
[EventDate "2015.05.02"]
[EventType "swiss"]
[EventRounds "5"]
[EventCountry "CAN"]

1. d4 d5 2. c4 Nf6 3. Nf3 g6 4. g3 Bg7 5. Bg2 O-O 6. O-O Bf5 7. Nc3 Re8 8. Qb3
Bc8 9. cxd5 e6 10. dxe6 Rxe6 11. Ng5 Rb6 12. Qxf7+ Kh8 13. Bf4 Qe8 14. Nd5 Qxf7
15. Nxf7+ Kg8 16. Nxb6 cxb6 17. Nd6 Nc6 18. Rac1 Nxd4 19. Rxc8+ Rxc8 20. Nxc8
Nxe2+ 21. Kh1 Nxf4 22. gxf4 Nh5 23. Bd5+ Kf8 24. Re1 Nxf4 25. Nd6 Bxb2 26. Re8+
Kg7 27. Re7+ Kf6 28. Rf7+ Kg5 29. Ne4+ Kg4 30. Bxb7 h5 31. f3+ Kxf3 32. Nd2+
Ke3 33. Nc4+ 1-0

[Event "10th Edmonton International Qualifier"]
[Site "Edmonton"]
[Date "2015.05.02"]
[Round "1.11"]
[White "Mo, Michelle"]
[Black "Briones, Dante"]
[Result "0-1"]
[WhiteElo "1399"]
[BlackElo "2004"]
[PlyCount "114"]
[EventDate "2015.05.02"]
[EventType "swiss"]
[EventRounds "5"]
[EventCountry "CAN"]

1. e4 c5 2. Nf3 d6 3. d4 cxd4 4. Nxd4 Nf6 5. Nc3 a6 6. Bc4 e6 7. Bg5 Be7 8.
Bxf6 Bxf6 9. O-O O-O 10. Qd3 b5 11. Bb3 Bb7 12. Nf3 Qc7 13. Rab1 Rd8 14. Rfe1
Nd7 15. a3 Rac8 16. Ne2 Nc5 17. Qe3 Bxe4 18. Nd2 Bg6 19. Nf4 Nxb3 20. Nxg6 Nxd2
21. Qxd2 hxg6 22. c3 d5 23. Rbc1 Qe7 24. Qe2 Rc4 25. g3 Rdc8 26. Rcd1 d4 27.
cxd4 Bxd4 28. h4 Qc7 29. Kg2 Rc2 30. Rd2 Bxb2 31. Rh1 Qc6+ 32. Kh2 Rxd2 33.
Qxd2 Bxa3 34. Ra1 b4 35. Qe2 Qb6 36. Kg2 a5 37. h5 Qd4 38. Rh1 Qd5+ 39. Kh2
gxh5 40. Ra1 Qf5 41. Kg2 Rc2 42. Qf3 Qxf3+ 43. Kxf3 a4 44. Ke3 Kh7 45. f4 b3
46. g4 hxg4 47. f5 exf5 48. Kf4 Kg6 49. Rxa3 Ra2 50. Rxa2 bxa2 51. Ke5 a1=Q+
52. Kf4 Qd4+ 53. Kg3 Qe3+ 54. Kh2 Qf2+ 55. Kh1 Qc2 56. Kg1 g3 57. Kh1 Qh2# 0-1

[Event "10th Edmonton International Qualifier"]
[Site "Edmonton"]
[Date "2015.05.02"]
[Round "1.13"]
[White "Taranik, Nikita"]
[Black "Zeggelaar, Mike"]
[Result "0-1"]
[WhiteElo "1029"]
[BlackElo "1892"]
[PlyCount "94"]
[EventDate "2015.05.02"]
[EventType "swiss"]
[EventRounds "5"]
[EventCountry "CAN"]

1. e4 c5 2. Nf3 d6 3. Nc3 Nf6 4. d4 cxd4 5. Nxd4 g6 6. Bc4 Bg7 7. Be3 O-O 8. f3
Nc6 9. Qd2 Bd7 10. O-O-O Ne5 11. Bb3 Rc8 12. Nde2 Nc4 13. Bxc4 Rxc4 14. Bh6 Qa5
15. Kb1 Rb4 16. h4 Rc8 17. h5 Bh8 18. hxg6 fxg6 19. Bg5 Be6 20. a3 Qxa3 21. b3
Bxb3 22. cxb3 Rxb3+ 23. Kc2 Rb2+ 24. Kd3 Rxd2+ 25. Bxd2 Nd7 26. Rc1 Nc5+ 27.
Ke3 Nb3 28. Nb1 Rxc1 29. Nxa3 Rxh1 30. Bb4 a5 31. Bc3 Bxc3 32. Nxc3 Kf7 33. Kf2
Ke6 34. f4 Rc1 35. Ncb5 Nc5 36. Kf3 Rf1+ 37. Ke3 Re1+ 38. Kf3 Rxe4 39. Nc7+ Kd7
40. Nd5 Re1 41. Nc3 Ra1 42. Ncb5 Na6 43. Ke4 Nc7 44. Nxc7 Kxc7 45. Nc4 Ra4 46.
Kd5 e6+ 47. Kxe6 Rxc4 0-1

[Event "10th Edmonton International Qualifier"]
[Site "Edmonton"]
[Date "2015.05.02"]
[Round "2.1"]
[White "Cheng, Louis"]
[Black "Haynes, Nicolas"]
[Result "0-1"]
[WhiteElo "2146"]
[BlackElo "2277"]
[PlyCount "114"]
[EventDate "2015.05.02"]
[EventType "swiss"]
[EventRounds "5"]
[EventCountry "CAN"]

1. e4 e5 2. Nf3 Nc6 3. Nc3 Nf6 4. Bc4 Bc5 5. O-O d6 6. h3 O-O 7. d3 h6 8. Na4
Bb6 9. Bd2 Nh7 10. b4 Kh8 11. b5 Ne7 12. Qe2 Ng6 13. Nxb6 axb6 14. d4 Qf6 15.
dxe5 dxe5 16. Bc3 Bxh3 17. gxh3 Nf4 18. Qe3 Qg6+ 19. Ng5 Nxg5 20. Kh2 Qh5 21.
Bxe5 Nf3+ 22. Kg3 Nxe5 23. Qxf4 Nxc4 24. Rfd1 Ra3+ 25. Rd3 Qg5+ 26. Qxg5 hxg5
27. h4 gxh4+ 28. Kxh4 Rxd3 29. cxd3 Ne5 30. Rc1 c5 31. d4 Nf3+ 32. Kg4 Nxd4 33.
a4 Kg8 34. f4 f5+ 35. exf5 Rxf5 36. Rd1 g6 37. Re1 Kf7 38. Rh1 Ke7 39. Rh6 Ne6
40. Rxg6 Rxf4+ 41. Kh5 Rxa4 42. Rh6 Rf4 43. Rg6 c4 44. Rg3 Kd6 45. Re3 Kd5 46.
Kg6 Nc5 47. Kg5 Rf8 48. Kg4 Kd4 49. Rh3 c3 50. Rh2 Kc4 51. Rh6 c2 52. Rh1 Nd3
53. Kg3 c1=Q 54. Rh4+ Rf4 55. Rh2 Qe1+ 56. Kh3 Rh4+ 57. Kg2 Qf2+ 0-1

[Event "10th Edmonton International Qualifier"]
[Site "Edmonton"]
[Date "2015.05.02"]
[Round "2.2"]
[White "Gardner, Robert"]
[Black "Thiel, Rodney"]
[Result "1-0"]
[WhiteElo "2239"]
[BlackElo "2009"]
[PlyCount "41"]
[EventDate "2015.05.02"]
[EventType "swiss"]
[EventRounds "5"]
[EventCountry "CAN"]

1. d4 f5 2. Bg5 Nf6 3. Bxf6 exf6 4. c4 Bb4+ 5. Nd2 d5 6. e3 Be6 7. cxd5 Qxd5 8.
Ngf3 Nd7 9. Bd3 Nc5 10. dxc5 O-O-O 11. Be2 f4 12. a3 fxe3 13. axb4 exd2+ 14.
Qxd2 Qe4 15. Qe3 Qxb4+ 16. Qc3 Qe4 17. Kf1 Rhe8 18. Re1 Bg4 19. Bb5 Rd1 20.
Bxe8 Bxf3 21. gxf3 1-0

[Event "10th Edmonton International Qualifier"]
[Site "Edmonton"]
[Date "2015.05.02"]
[Round "2.3"]
[White "Briones, Dante"]
[Black "Rekhson, Vladislav"]
[Result "0-1"]
[WhiteElo "2004"]
[BlackElo "2215"]
[PlyCount "62"]
[EventDate "2015.05.02"]
[EventType "swiss"]
[EventRounds "5"]
[EventCountry "CAN"]

1. e4 e5 2. Nf3 Nc6 3. c3 d5 4. Qa4 Bd7 5. exd5 Nd4 6. Qd1 Nxf3+ 7. Qxf3 Nf6 8.
Bc4 e4 9. Qe3 Bd6 10. d3 O-O 11. dxe4 Nxe4 12. O-O Re8 13. Qf3 Qh4 14. g3 Nxg3
15. hxg3 Qxc4 16. Be3 Bg4 17. Qg2 Re5 18. Bd4 Rh5 19. Qe4 f5 20. Qe6+ Kh8 21.
Qf7 Rh1+ 22. Kxh1 Qxf1+ 23. Kh2 Rg8 24. Nd2 Qxa1 25. Kg2 Qe1 26. Be3 Bxg3 27.
Nc4 Bxf2 28. Bxf2 Qe4+ 29. Kh2 Qxc4 30. Bd4 h6 31. Qg6 Qa6 0-1

[Event "10th Edmonton International Qualifier"]
[Site "Edmonton"]
[Date "2015.05.02"]
[Round "2.4"]
[White "Nguyen, Kim"]
[Black "Fellah, Mohamad"]
[Result "1-0"]
[WhiteElo "2212"]
[BlackElo "1902"]
[PlyCount "73"]
[EventDate "2015.05.02"]
[EventType "swiss"]
[EventRounds "5"]
[EventCountry "CAN"]

1. e4 c5 2. Nf3 d6 3. c3 Nf6 4. Bd3 Nc6 5. O-O Bg4 6. h3 Bh5 7. g4 Bg6 8. Qe2
d5 9. e5 Bxd3 10. Qxd3 Ne4 11. Qe2 c4 12. b3 Qb6 13. bxc4 Ng3 14. Qe3 Qxe3 15.
dxe3 Nxf1 16. cxd5 Nxe3 17. Bxe3 Na5 18. Na3 O-O-O 19. c4 e6 20. d6 Nc6 21. Nb5
f6 22. Nxa7+ Nxa7 23. Bxa7 Kd7 24. Rb1 Kc8 25. c5 Rg8 26. a4 Re8 27. a5 fxe5
28. a6 Bxd6 29. axb7+ Kd7 30. cxd6 Kxd6 31. b8=Q+ Rxb8 32. Bxb8+ Kd5 33. Bxe5
Rf8 34. Kg2 Ke4 35. Rb4+ Kd5 36. Rd4+ Kc5 37. Bd6+ 1-0